[Event "127th NZ Congress 2020"]
[Site "Tauranga"]
[Date "2020.01.19"]
[Round "6.3"]
[White "Polishchuk, Kirill"]
[Black "Van Riemsdijk, Herman C."]
[Result "1-0"]
[WhiteElo "2151"]
[BlackElo "2260"]
[Annotator "TA"]
[PlyCount "69"]
[EventDate "2020.01.14"]
[EventType "swiss"]
[EventCountry "NZL"]
[SourceTitle "playchess.com"]
[Source "ChessBase"]
[SourceQuality "1"]

{[%evp 11,69,25,43,37,66,39,34,34,58,51,100,75,75,76,137,97,127,81,138,149,175,175,174,135,176,116,131,116,116,116,116,116,116,116,150,147,122,131,137,108,287,264,667,531,492,219,202,150,149,41,43,45,184,194,431,427,407,408,704,687]} 1. e4 d6 2. d4 Nf6 3. Nc3 g6 4. Nf3 Bg7 5. Bg5 c6 6. Qd2 Bg4 7. Be2 {B08: Pirc Defence: Classical System} Nbd7 (7... Bxf3 8. Bxf3 Nbd7 9. Be2 O-O 10. O-O e5 {½-½ (10) Bircakovic,M (2226)-Narancic,V (2295) Banja Dvorovi 2018}) 8. h3 Bxf3 9. Bxf3 {White is slightly better.} e5 10. d5 c5 $146 ({Predecessor:} 10... Qc7 11. dxc6 bxc6 12. O-O-O Ke7 13. h4 h6 14. Be3 {1-0 (31) Oud,N (2015)-Barlo,W (1691) Grieskirchen 1998}) 11. Be2 a6 12. a4 O-O (12... h6 $142 13. Be3 Qa5) 13. h4 Qa5 14. Ra3 Rfe8 (14... h5 $142) 15. h5 $16 Rac8 16. hxg6 fxg6 17. Qe3 Rc7 18. Kf1 ({White should play} 18. Qh3 $18) 18... Nf8 19. Qh3 Rf7 20. Qh4 h6 21. Bc1 (21. Bxh6 $2 Bxh6 22. Kg1 (22. Qxh6 $2 Rh7 $19) 22... Bg7 $19) 21... g5 22. Qh3 c4 23. Bh5 ({Avoid the trap} 23. Bxc4 $2 Qc5 $19) 23... Nxh5 24. Qxh5 Nd7 25. Nd1 Nf6 $2 {[#]} (25... c3 $16) 26. Qg6 $18 Qc7 $2 (26... Kf8 27. Ne3 Ree7) 27. Ne3 Kf8 28. f3 (28. Nf5 $142 Nxe4 29. Rf3) 28... Ng8 29. Nf5 Rf6 30. Qh5 (30. Qh7 $16) 30... Rxf5 $1 $14 31. exf5 Nf6 (31... Qa5 $14) 32. Qg6 $18 Nxd5 $2 {[#]} (32... Qe7 33. Kf2 Qf7) 33. Rxh6 Bxh6 34. Qxh6+ Ke7 (34... Kg8 $142 35. Qg6+ (35. Bxg5 Qh7 $16) 35... Kf8 36. Bxg5 Nf4 37. Qh6+ Qg7) 35. Qe6+ {[%mdl 64] Double Attack. Accuracy: White = 49%, Black = 41%.} 1-0

[Event "127th NZ Congress 2020"]
[Site "Tauranga"]
[Date "2020.01.19"]
[Round "6.4"]
[White "Garbett, Paul Anthony"]
[Black "Hague, Ben"]
[Result "1/2-1/2"]
[WhiteElo "2185"]
[BlackElo "2399"]
[Annotator "TA"]
[PlyCount "85"]
[EventDate "2020.01.14"]
[EventType "swiss"]
[EventCountry "NZL"]
[SourceTitle "playchess.com"]
[Source "ChessBase"]
[SourceQuality "1"]

{[%evp 9,85,29,41,30,33,33,40,39,63,25,31,25,33,33,60,10,56,49,50,54,54,61,46,46,46,46,54,45,60,33,42,35,44,12,19,0,31,31,36,12,12,12,12,12,11,11,13,11,20,10,10,10,10,10,14,0,0,0,0,0,0,0,0,0,0,0,8,8,8,8,10,0,10,10,10,10,10,10]} 1. Nf3 d5 2. b3 Bg4 3. Bb2 Nd7 4. g3 Bxf3 5. exf3 Ngf6 6. f4 {A06: Réti Opening:1 Nf3 d5} e6 7. Bg2 Bd6 8. O-O {White is slightly better.} O-O 9. d3 a5 (9... c6 10. Nd2 a5 11. a3 Re8 12. c4 e5 13. fxe5 Bxe5 {1-0 (54) Nakamura,H (2763)-Shimanov,A (2626) chess.com INT 2018}) 10. a4 c6 11. Nd2 b5 12. Qe2 bxa4 $146 ({Predecessor:} 12... Qc7 13. Nf3 bxa4 14. Rxa4 {½-½ (20) Flohr,S-Trifunovic,P Saltsjobaden 1948}) 13. Rxa4 Nb6 14. Ra2 a4 15. Rfa1 {[%cal Rb3a4]} axb3 $1 16. Rxa8 Nxa8 17. Nxb3 Nb6 18. Ra6 Nbd7 19. Be5 ({But not} 19. Rxc6 Nb8 $15) 19... Qc7 {[%cal Rd6e5]} 20. d4 Rb8 21. h3 Ne8 22. Bf3 Bxe5 (22... Qc8 {is more complex.} 23. Kg2 g6 24. h4 Ra8 25. Rxa8 Qxa8 26. Bxd6 Nxd6 27. h5 Qa4) 23. dxe5 c5 24. f5 (24. Qe1 {seems wilder.} g5 25. fxg5 Nxe5 26. Bg2 Nd7 27. h4) 24... Nxe5 {The position is equal.} 25. fxe6 Nxf3+ 26. Qxf3 {[#] Black must now prevent Nxc5!} fxe6 27. Rxe6 Nf6 28. Qf5 Rd8 29. Qe5 Qxe5 30. Rxe5 $11 {[%mdl 4096] Endgame KRN-KRN} Ra8 31. f3 Ra4 32. g4 Rc4 33. g5 Nh5 34. Rxd5 Rxc2 35. Rxc5 Rb2 36. Nd4 Nf4 37. Rf5 (37. h4 {with more complications.} Rd2 38. Nb3 Rg2+ 39. Kf1 Rh2 40. Rc6) 37... Ne2+ 38. Nxe2 Rxe2 39. h4 Ra2 40. Re5 g6 41. Kf1 Rh2 42. Re4 Kf7 43. Kg1 {Accuracy: White = 55%, Black = 70%.} 1/2-1/2

[Event "127th NZ Congress 2020"]
[Site "Tauranga"]
[Date "2020.01.19"]
[Round "6.5"]
[White "Clarke, Brandon G I"]
[Black "Pinic, Noel"]
[Result "1-0"]
[WhiteElo "2438"]
[BlackElo "2054"]
[Annotator "ChessBase"]
[PlyCount "115"]
[EventDate "2020.01.14"]
[EventType "swiss"]
[EventCountry "NZL"]
[SourceTitle "playchess.com"]
[Source "ChessBase"]
[SourceQuality "1"]
[TimeControl "40/5400+30:1800+30"]

1. e4 {[%emt 0:01:39]} c6 {[%emt 0:00:00]} 2. Ne2 {[%emt 0:01:54]} e5 {[%emt 0:02:21]} 3. d4 {[%emt 0:01:03]} Nf6 {[%emt 0:01:48]} 4. Nbc3 {[%emt 0:03:48]} exd4 {[%emt 0:05:00]} 5. Qxd4 {[%emt 0:00:47]} d5 {[%emt 0:02:37]} 6. exd5 {[%emt 0:00:17]} Nxd5 {[%emt 0:00:25]} 7. Nxd5 {[%emt 0:00:12]} Qxd5 {[%emt 0:01:27]} 8. Qxd5 {[%emt 0:00:04]} cxd5 {[%emt 0:00:01]} 9. Be3 {[%emt 0:00:02]} Be6 {[%emt 0:00:47]} 10. O-O-O {[%emt 0:01:07]} Nc6 {[%emt 0:00:30]} 11. Nd4 {[%emt 0:02:01]} Bc5 {[%emt 0:02:47]} 12. g3 {[%emt 0:01:26]} O-O-O {[%emt 0:05:35]} 13. Bg2 {[%emt 0:00:21]} Rhe8 {[%emt 0:00:53]} 14. h3 {[%emt 0:02:33]} h6 {[%emt 0:02:54]} 15. c3 {[%emt 0:05:17]} Bb6 {[%emt 0:00:45]} 16. Rd2 {[%emt 0:00:32]} Rd7 {[%emt 0:04:51]} 17. Rhd1 {[%emt 0:00:20]} Nxd4 {[%emt 0:08:54]} 18. Bxd4 {[%emt 0:04:11]} Bxd4 {[%emt 0:00:14]} 19. Rxd4 {[%emt 0:00:03]} Red8 {[%emt 0:00:26]} 20. Kd2 {[%emt 0:01:54]} Kc7 {[%emt 0:02:51]} 21. Re1 {[%emt 0:04:07]} Rd6 {[%emt 0:00:33]} 22. g4 {[%emt 0:03:06]} h5 {[%emt 0:06:01]} 23. gxh5 {[%emt 0:00:31]} Rh8 {[%emt 0:00:04]} 24. Bf3 {[%emt 0:00:33]} Bxh3 {[%emt 0:10:36]} 25. Re7+ {[%emt 0:00:36]} Rd7 {[%emt 0:00:19]} 26. Rxd7+ {[%emt 0:00:52]} Bxd7 {[%emt 0:00:05]} 27. Rxd5 {[%emt 0:01:18]} g6 {[%emt 0:02:23]} 28. hxg6 {[%emt 0:01:28]} fxg6 {[%emt 0:00:04]} 29. Rc5+ {[%emt 0:02:43]} Kb8 {[%emt 0:03:49]} 30. Be4 {[%emt 0:00:17]} Rf8 {[%emt 0:00:31]} 31. Ke3 {[%emt 0:00:18]} Re8 {[%emt 0:14:33]} 32. Kd4 {[%emt 0:02:30]} Re6 {[%emt 0:00:44]} 33. Rg5 {[%emt 0:02:05]} Rb6 {[%emt 0:02:26]} 34. b3 {[%emt 0:00:53]} Ra6 {[%emt 0:01:58]} 35. a4 {[%emt 0:00:06]} Rb6 {[%emt 0:00:51]} 36. Bc2 {[%emt 0:01:25]} Rf6 {[%emt 0:01:26]} 37. Ke3 {[%emt 0:05:06]} Bc6 {[%emt 0:01:45]} 38. f4 {[%emt 0:00:29]} Be8 {[%emt 0:00:43]} 39. Be4 {[%emt 0:01:21]} Rb6 {[%emt 0:01:13]} 40. Bd5 {[%emt 0:00:00]} Bd7 {[%emt 0:00:00]} 41. Kd4 {[%emt 0:01:18]} Kc7 {[%emt 0:02:50]} 42. Ke5 {[%emt 0:01:00]} Bf5 {[%emt 0:00:19]} 43. Rg2 {[%emt 0:00:26]} Rd6 {[%emt 0:00:22]} 44. c4 {[%emt 0:00:40]} Rd7 {[%emt 0:03:01]} 45. Rh2 {[%emt 0:00:15]} a5 {[%emt 0:02:37]} 46. b4 {[%emt 0:03:37]} axb4 {[%emt 0:02:38]} 47. Rb2 {[%emt 0:04:25]} b6 {[%emt 0:00:25]} 48. Rxb4 {[%emt 0:00:09]} Bc2 {[%emt 0:00:17]} 49. Kd4 {[%emt 0:02:14]} Rd6 {[%emt 0:03:41]} 50. a5 {[%emt 0:13:15]} bxa5 {[%emt 0:00:08]} 51. Rb7+ {[%emt 0:00:06]} Kc8 {[%emt 0:02:19]} 52. Ra7 {[%emt 0:00:08]} a4 {[%emt 0:01:08]} 53. c5 {[%emt 0:09:39]} Rf6 {[%emt 0:00:34]} 54. c6 {[%emt 0:03:24]} Bb3 {[%emt 0:03:55]} 55. Bg2 {[%emt 0:00:03]} Rxf4+ {[%emt 0:02:54]} 56. Ke5 {[%emt 0:02:52]} Rf7 {[%emt 0:00:41]} 57. Bh3+ {[%emt 0:00:47]} Rf5+ {[%emt 0:03:19]} 58. Bxf5+ {[%emt 0:00:14]} 1-0

[Event "127th NZ Congress 2020"]
[Site "Tauranga"]
[Date "2020.01.19"]
[Round "6.6"]
[White "Winter, Ryan"]
[Black "Dive, Russell John"]
[Result "0-1"]
[WhiteElo "1862"]
[BlackElo "2283"]
[Annotator "TA"]
[PlyCount "82"]
[EventDate "2020.01.14"]
[EventType "swiss"]
[EventCountry "NZL"]
[SourceTitle "playchess.com"]
[Source "ChessBase"]
[SourceQuality "1"]

{[%evp 19,82,20,20,0,37,35,27,40,38,-2,32,20,31,0,0,0,7,-14,0,-6,0,-21,27,-35,0,-33,-7,0,0,0,0,-8,0,0,0,0,0,0,0,0,0,0,0,0,0,-3,-4,-157,-157,-157,-153,-150,-150,-153,-130,-200,-122,-185,-137,-182,-131,-179,-139,-326,-313]} 1. e4 e5 2. Nf3 Nf6 3. Nxe5 d6 4. Nf3 Nxe4 5. Nc3 Nxc3 6. dxc3 Be7 7. Be3 O-O 8. Qd2 Nd7 {[%cal Bb8d7,Bd7e5,Be5c4][%mdl 32]} 9. O-O-O Ne5 10. Kb1 Be6 11. Bf4 $146 {C42: Petroff Defence: 3 Nxe5 and unusual White 3rd moves} ({Predecessor:} 11. Nd4 Bd7 12. f4 Ng4 13. Bd3 Re8 14. Rhe1 Bh4 15. g3 Nxe3 16. Rxe3 Bf6 17. Rxe8+ Qxe8 18. h3 c5 {½-½ (53) Naiditsch,A (2715)-Fridman,D (2633) Baden-Baden 2014}) 11... Nc4 12. Qc1 Nb6 13. Bd3 {White has an edge.} Bc4 14. Rhe1 Re8 15. Qd2 Qd7 16. Nd4 Bxd3 17. Qxd3 Bf6 18. Nf3 h6 19. Be3 Qc6 20. Bd4 Bxd4 21. cxd4 (21. Nxd4 $11 Qd7 22. h3) 21... Qd5 22. Re2 Re6 23. Rde1 Rae8 24. Rxe6 Rxe6 25. Re3 Qc4 26. Qxc4 Nxc4 27. Rxe6 fxe6 $11 {[%mdl 4096] Endgame KN-KN} 28. b3 Na5 29. Kc1 Kf7 30. Kd2 Kf6 31. Ke3 Nc6 32. c3 Ne7 33. Nd2 $2 {[#]} (33. Kd3 $11) 33... Nd5+ $17 34. Kd3 Nf4+ 35. Ke4 Nxg2 36. c4 Kg5 37. b4 (37. c5 $17) 37... Nh4 38. h3 (38. c5 $17 {is a better defense.}) 38... Kf6 39. a4 Nf5 ({Better is} 39... Ng2 $19 40. b5 {[#]} d5+ $1 {[%mdl 512]} 41. Kf3 Nh4+ 42. Ke2 h5) 40. Nf3 Ne7 41. Kf4 $2 (41. d5 $17) 41... Nc6 {Accuracy: White = 26%, Black = 41%.} 0-1

[Event "127th NZ Congress 2020"]
[Site "Tauranga"]
[Date "2020.01.19"]
[Round "6.7"]
[White "Gong, Daniel Hanwen"]
[Black "Dowden, R.A. Tony"]
[Result "1-0"]
[WhiteElo "2276"]
[BlackElo "2056"]
[Annotator "TA"]
[PlyCount "73"]
[EventDate "2020.01.14"]
[EventType "swiss"]
[EventCountry "NZL"]
[SourceTitle "playchess.com"]
[Source "ChessBase"]
[SourceQuality "1"]

{[%evp 9,73,3,14,5,10,-15,4,-9,0,0,0,-10,0,-15,-22,-31,8,0,27,2,14,0,8,0,0,0,0,0,8,8,16,18,63,20,24,16,58,35,37,44,44,32,45,40,54,34,100,97,104,85,86,86,95,95,95,95,102,79,127,100,930,929,29987,29988,29997,1058]} 1. d4 c5 2. dxc5 e6 3. Nd2 Bxc5 4. Ne4 Nf6 5. Nxc5 Qa5+ {[%mdl 64] [#] Double Attack} 6. c3 {And now Nb3 would win. A43: Schmid Benoni} Qxc5 7. Nf3 Nc6 (7... O-O 8. Bf4 d5 9. e3 Nc6 10. Bd3 Qe7 11. Ne5 Nd7 12. Nxd7 Bxd7 13. O-O {½-½ (13) Zierk,S (2510)-Pakleza,Z (2506) Las Vegas 2018}) 8. e3 $146 {The position is equal.} ({Predecessor:} 8. Qc2 d5 9. Bf4 Nh5 10. Bg3 Nxg3 11. hxg3 f5 12. e3 e5 13. Qa4 e4 {1-0 (29) Moon,B (2304)-Watson,J (2203) Saint Louis 2018}) 8... d5 9. Be2 O-O 10. O-O a5 11. Bd2 Ne4 12. Be1 b6 13. Nd4 Nxd4 14. exd4 (14. cxd4 {with more complications.} Qe7 15. f3 Nd6 16. Bg3 Nf5 17. Bf2) 14... Qe7 15. a4 Ba6 16. f3 Bxe2 17. Qxe2 Nd6 18. Bg3 Nf5 19. Bf4 Rac8 20. Qb5 g5 21. Bg3 Qd8 22. Qe2 Qf6 23. f4 g4 24. Qxg4+ Kh8 25. Qe2 Rg8 26. Qe5 Rg6 27. Rf3 Qxe5 (27... Qg7 $14) 28. fxe5 $16 Rcg8 29. Raf1 h5 30. R1f2 h4 31. Bf4 Kh7 32. Kf1 Rg4 33. Bd2 R4g7 34. Rh3 {Hoping for Rxf5!} b5 $2 {[%mdl 8192] [#]} (34... Rg4 $16) 35. Rxf5 $1 $18 {[%mdl 512]} Rxg2 (35... exf5 36. Rxh4+) 36. Rxh4+ Kg6 37. Rf6+ {Accuracy: White = 67%, Black = 40%.} 1-0

[Event "127th NZ Congress 2020"]
[Site "Tauranga"]
[Date "2020.01.19"]
[Round "6.8"]
[White "Findlay, David John"]
[Black "Sandler, Leonid"]
[Result "0-1"]
[WhiteElo "2169"]
[BlackElo "2226"]
[Annotator "TA"]
[PlyCount "72"]
[EventDate "2020.01.14"]
[EventType "swiss"]
[EventCountry "NZL"]
[SourceTitle "playchess.com"]
[Source "ChessBase"]
[SourceQuality "1"]

{[%evp 24,72,-16,-14,-13,-13,-20,-30,-10,-116,-105,-91,-105,-123,-106,-101,-106,-166,-164,-249,-249,-262,-215,-208,-171,-204,-199,-651,-671,-658,-643,-585,-545,-541,-508,-499,-490,-692,-669,-713,-690,-1413,-1413,-909,-728,-756,-746,-734,-720,-29983,-29984]} 1. e4 c5 2. Nf3 e6 3. d4 cxd4 4. Nxd4 Nf6 5. Nc3 d6 6. Be3 a6 7. Be2 Be7 8. O-O O-O 9. f4 Qc7 10. Bf3 Nc6 11. Qe1 Nxd4 12. Bxd4 e5 13. Be3 exf4 {B85: Sicilian Scheveningen: 6 Be2 a6, lines with early Be3} 14. Bd4 (14. Bxf4 Be6 15. Kh1 Nd7 16. Rd1 Ne5 17. Be2 Qb6 18. Qg3 Rac8 19. Rb1 Qa5 20. Bd2 Qd8 21. Rbd1 Bh4 22. Qe3 Qe7 23. Bd3 {½-½ (46) Zaslavsky,M (2441)-Arutinian,D (2556) Pardubice 2012}) 14... Be6 15. Rd1 $146 ({Predecessor:} 15. Qd2 Rac8 16. Qxf4 b5 17. Rf2 Qc4 18. Rd1 b4 19. Ne2 Qxa2 20. Ng3 Qa5 21. h4 {1-0 (71) Stambul,A (2120)-Janotta,P (2134) France 2003}) 15... Nd7 {Black has an edge.} 16. Nd5 (16. Qd2 $1 $11) 16... Bxd5 $1 $17 17. exd5 Bf6 18. Qe4 Bxd4+ 19. Rxd4 Ne5 20. Qxf4 (20. c3 $17) 20... Qxc2 $19 21. Be4 (21. Qd2 $142 Rac8 22. Qxc2 Rxc2 23. Rb4) 21... Qxb2 22. Rb4 Qc3 23. Rxb7 g6 24. h3 Rab8 25. Rfb1 $2 {[#]} (25. Rbb1) 25... Rxb7 26. Rxb7 Qd4+ 27. Kh1 Nd3 28. Qxd6 Nf2+ 29. Kh2 Nxe4 30. Qe7 (30. Rb4 $142 Nxd6 31. Rxd4) 30... Qxd5 31. Rd7 Qf5 32. Rd3 Qf4+ 33. Kg1 h5 34. Rf3 Qc1+ 35. Kh2 Nd2 36. Qe2 Nxf3+ {Accuracy: White = 24%, Black = 72%.} 0-1

[Event "127th NZ Congress 2020"]
[Site "Tauranga"]
[Date "2020.01.19"]
[Round "6.9"]
[White "Cilia Vincenti, David"]
[Black "Smith, Robert W"]
[Result "1/2-1/2"]
[WhiteElo "2070"]
[BlackElo "2160"]
[Annotator "TA"]
[PlyCount "111"]
[EventDate "2020.01.14"]
[EventType "swiss"]
[EventCountry "NZL"]
[SourceTitle "playchess.com"]
[Source "ChessBase"]
[SourceQuality "1"]

{[%evp 14,111,39,26,35,33,42,43,67,77,67,56,56,53,54,50,81,34,52,0,0,-10,0,-23,20,-21,-37,-36,44,0,0,0,10,0,0,-7,-14,-14,32,-31,-29,-18,-12,-162,-153,-222,-224,-248,-259,-242,-170,-306,-268,-481,-308,-256,-297,-291,-289,-292,-283,-237,-102,-113,-113,-143,0,0,0,0,0,0,0,0,0,0,0,0,0,0,0,0,0,0,0,0,0,0,0,0,0,0,0,0,0,0,0,0,0,0]} 1. d4 Nf6 2. c4 g6 3. Nc3 Bg7 4. e4 d6 5. f3 O-O 6. Nge2 c5 7. d5 e6 8. Ng3 h5 {E81: King's Indian: Sämisch: 6th move deviations (including 6 Be3 c6)} (8... exd5 9. cxd5 a6 10. a4 h5 11. Bg5 Qe8 12. Bd3 Nh7 13. Bf4 Qe7 14. Nge2 Nd7 15. O-O Ne5 16. Bc2 Rb8 17. a5 b5 18. axb6 Rxb6 {1-0 (42) Wojtaszek,R (2724)-Svidler,P (2739) Moscow 2019}) 9. Bg5 Qb6 10. Qd2 Nh7 {White is slightly better.} 11. Be3 Qa5 $146 ({Predecessor:} 11... h4 12. Nge2 Nd7 13. Nf4 Ne5 14. Rc1 Nf6 15. b3 h3 16. Nd3 exd5 17. cxd5 {0-1 (51) Nezar,M (2364)-Le Roux,J (2549) Drancy 2016}) 12. Bh6 exd5 13. Bxg7 Kxg7 14. cxd5 h4 15. Nge2 b5 {[%cal Bb7b5,Bb5b4][%mdl 32]} 16. Qf4 (16. Nf4 $14) 16... b4 $11 17. Nd1 Qd8 $1 18. a3 bxa3 19. Nec3 ({Of course not} 19. bxa3 f5 $15) 19... axb2 20. Nxb2 g5 (20... f5 $1 $15 21. Nc4 fxe4 22. Qxd6 Qxd6 23. Nxd6 exf3) 21. Qd2 {[%mdl 1024] White has compensation.} (21. Qe3 {feels hotter.} Nd7 22. Nc4 Qf6 23. g3 Ne5 24. Nxe5 Qxe5 25. f4) 21... Nd7 22. Be2 Ne5 23. O-O a5 24. Nc4 Nxc4 25. Bxc4 Ba6 26. Nb5 (26. Bxa6 $14 Rxa6 27. Ra4) 26... Bxb5 27. Bxb5 Qf6 28. Rfb1 (28. f4 $11) 28... Rfb8 $19 {And now ...Rxb5! would win.} 29. Bc6 (29. Ra4 $17) 29... Ra7 30. Rxb8 Qxa1+ 31. Kf2 Qe5 32. g3 (32. Qb2 $142 Qxb2+ 33. Rxb2) 32... a4 33. Re8 $2 (33. Qb2) 33... hxg3+ 34. hxg3 Qd4+ 35. Qxd4+ cxd4 {[%mdl 4096] Endgame KRB-KRN} 36. e5 {[#]} dxe5 $1 37. d6 {aiming for d7.} Nf6 (37... a3 $19 {Threatens to win with ...a2.} 38. Rxe5 Nf8) 38. Rxe5 $17 a3 {...a2 is the strong threat.} 39. Re1 a2 ({Black should play} 39... Kg6 $17 40. g4 Nd7 41. Bxd7 Rxd7) 40. Ra1 $11 {The position is equal.} Kf8 {[#]} 41. d7 $1 {[%mdl 512]} Nxd7 ({Not} 41... Ke7 $2 42. Re1+ Kd8 43. Re8+ Nxe8 44. dxe8=Q+ $18) 42. Bxd7 Rxd7 43. Rxa2 {KR-KR} Ke7 44. Ke2 Rb7 45. Ra5 f6 46. Rd5 Rb2+ 47. Kd3 Rb3+ (47... g4 {feels hotter.} 48. fxg4 Rb3+ 49. Ke2 Rxg3 50. Rxd4) 48. Ke2 $1 Re3+ 49. Kf2 g4 50. fxg4 Rd3 (50... Ke6 {looks sharper.} 51. Rxd4 Rb3 52. Ra4 Rb2+ 53. Ke3 Kf7) 51. Ke2 Rxg3 (51... Ke6 {is interesting.} 52. Rd8 Re3+ 53. Kf2 Rd3 54. Ke2) 52. Rxd4 Kf7 53. Kf2 Ra3 54. Rf4 Kg6 55. Rf3 Ra1 56. Kg3 {Accuracy: White = 43%, Black = 43%.} 1/2-1/2

[Event "127th NZ Congress 2020"]
[Site "Tauranga"]
[Date "2020.01.20"]
[Round "7.1"]
[White "Fernandez, Daniel Howard"]
[Black "Polishchuk, Kirill"]
[Result "1-0"]
[WhiteElo "2451"]
[BlackElo "2151"]
[Annotator "TA"]
[PlyCount "89"]
[EventDate "2020.01.14"]
[EventType "swiss"]
[EventCountry "NZL"]
[SourceTitle "playchess.com"]
[Source "ChessBase"]
[SourceQuality "1"]

{[%evp 9,89,43,64,37,48,4,26,33,53,-44,-47,-77,-75,-66,-56,-51,-31,-44,-41,-32,15,15,16,11,61,61,86,37,100,60,128,35,45,12,38,0,24,0,0,0,0,0,25,47,44,27,31,34,43,6,11,6,6,6,6,6,33,2,2,0,0,0,0,0,0,0,0,0,0,0,8,6,164,164,156,149,673,635,29991,553,29992,29993]} 1. c4 e5 2. e3 Nc6 3. Nc3 f5 4. d4 e4 (4... Bb4 5. Nge2 d6 6. a3 Bxc3+ 7. Nxc3 Nf6 8. dxe5 Nxe5 9. b3 b6 10. Bb2 Bb7 11. Nb5 Qe7 12. Nd4 {0-1 (32) Rasmussen,A (2540)-Sasikiran,K (2688) Helsingor 2017}) 5. g4 fxg4 $146 ({Predecessor:} 5... Bb4 6. gxf5 Nf6 7. Nge2 d5 8. Ng3 O-O 9. Bd2 Bxc3 10. bxc3 Ne7 11. cxd5 Nxf5 12. Qc2 {0-1 (60) Ksieski,Z (2401)-Kulesza,M (2277) Chotowa 2007}) 6. a3 {A25: English Opening vs King's Indian with ...Nc6 but without early d3} Nf6 7. Nge2 d5 8. cxd5 {White has an edge.} Nxd5 9. Nxd5 ({White should play} 9. Nxe4 $14 Be7 10. Bd2) 9... Qxd5 $15 10. Nc3 Qf7 $1 11. Nxe4 Bf5 12. Ng3 O-O-O 13. h3 {[#]} Ne5 $1 {[%mdl 512]} 14. Be2 $1 (14. dxe5 Rxd1+) 14... gxh3 15. Nxf5 Qxf5 16. f4 $1 {[%cal Rf4e5]} Qe4 17. Rxh3 Nd7 18. Bf3 Qg6 (18... Qe6 $14 19. Rh1 Kb8) 19. Bd2 Bd6 {[#]} (19... Qe6 $14 20. Rh5 Kb8) 20. Qb1 (20. Qb3 $1 $16 {[%csl Gf3][%cal Rb3b7]} c6 21. Kf2) 20... Qe6 $14 21. f5 Qb3 22. Bc3 g6 23. fxg6 hxg6 24. Rxh8 Rxh8 25. Qxg6 Rg8 26. Qe4 {aiming for Kd2.} Kb8 27. Kd2 {Threatens to win with Rg1!} c6 28. Bd1 Qf7 $1 29. Be2 {next Rf1 is good for White.} Nf6 $1 {[%cal Rf6e4]} 30. Qd3 Nd5 31. Rf1 Qe6 32. Bf3 Nxc3 33. Qxc3 Re8 34. Re1 Bf4 35. Qd3 Bh6 36. Kc2 Bxe3 37. Kb1 Re7 38. d5 cxd5 39. Bxd5 Qb6 40. Qf5 {White threatens Qf8+ and mate.} Qc5 $2 (40... Qh6 $11 {and Black stays safe.}) 41. Qf8+ $18 Kc7 {[#]} 42. Be6 $1 $36 {[%mdl 2560] And now Rxe3! would win. White is in control.} Bg5 $2 {[%mdl 8192] [#]} (42... Qg5 $16) (42... Rxe6 43. Qxc5+) 43. Rd1 $1 a6 44. Qd8+ Kc6 {intending ...Rc7.} 45. b4 {Accuracy: White = 55%, Black = 43%.} 1-0

[Event "127th NZ Congress 2020"]
[Site "Tauranga"]
[Date "2020.01.20"]
[Round "7.2"]
[White "Johansen, Darryl K"]
[Black "Papin, Vasily"]
[Result "1/2-1/2"]
[WhiteElo "2371"]
[BlackElo "2481"]
[Annotator "TA"]
[PlyCount "19"]
[EventDate "2020.01.14"]
[EventType "swiss"]
[EventCountry "NZL"]
[SourceTitle "playchess.com"]
[Source "ChessBase"]
[SourceQuality "1"]

{[%evp 9,19,3,8,0,8,5,-2,0,6,-9,31,-23]} 1. c4 e6 2. Nf3 Nf6 3. g3 d5 4. b3 a5 {[%cal Ba7a5,Ba5a4][%mdl 32]} 5. Bb2 (5. Nc3 d4 6. Na4 Nc6 7. Bg2 e5 8. O-O Be7 9. d3 O-O 10. e3 Bg4 11. h3 Bh5 12. g4 Bg6 13. exd4 exd4 {½-½ (41) Piorun,K (2657)-Movsesian,S (2673) Tallinn 2016}) 5... a4 6. Qc1 {A13: English Opening: 1...e6} Be7 7. Bg2 O-O 8. O-O Nbd7 9. d3 c5 $146 ({Predecessor:} 9... Re8 10. Re1 c6 11. Nbd2 Bf8 12. Rb1 e5 13. cxd5 cxd5 {1-0 (57) Hemant,S (2234)-Nguyen,D (2507) Chennai 2014}) 10. Nbd2 ({Better is} 10. Nc3 $14) 1/2-1/2

[Event "127th NZ Congress 2020"]
[Site "Tauranga"]
[Date "2020.01.20"]
[Round "7.3"]
[White "Dive, Russell John"]
[Black "Clarke, Brandon G I"]
[Result "1/2-1/2"]
[WhiteElo "2283"]
[BlackElo "2438"]
[Annotator "ChessBase"]
[PlyCount "55"]
[EventDate "2020.01.14"]
[EventType "swiss"]
[EventCountry "NZL"]
[SourceTitle "playchess.com"]
[Source "ChessBase"]
[SourceQuality "1"]
[TimeControl "40/5400+30:1800+30"]

1. Nf3 {[%emt 0:00:00]} g6 {[%emt 0:04:42]} 2. c4 {[%emt 0:00:00]} Bg7 {[%emt 0:00:05]} 3. g3 {[%emt 0:00:00]} e5 {[%emt 0:00:39]} 4. Nc3 {[%emt 0:00:10]} Nc6 {[%emt 0:00:16]} 5. Bg2 {[%emt 0:00:08]} Nge7 {[%emt 0:00:22]} 6. O-O {[%emt 0:00:23]} O-O {[%emt 0:00:04]} 7. Rb1 {[%emt 0:00:24]} a5 {[%emt 0:00:58]} 8. a3 {[%emt 0:01:11]} f5 {[%emt 0:01:02]} 9. d3 {[%emt 0:00:18]} d6 {[%emt 0:00:26]} 10. Qc2 {[%emt 0:03:20]} h6 {[%emt 0:12:18]} 11. b4 {[%emt 0:00:32]} axb4 {[%emt 0:00:11]} 12. axb4 {[%emt 0:00:02]} Be6 {[%emt 0:00:56]} 13. b5 {[%emt 0:02:01]} Nb8 {[%emt 0:02:44]} 14. Nd2 {[%emt 0:02:46]} c6 {[%emt 0:00:41]} 15. Bb2 {[%emt 0:05:20]} Nd7 {[%emt 0:13:19]} 16. Ra1 {[%emt 0:01:03]} Qb6 {[%emt 0:25:58]} 17. bxc6 {[%emt 0:06:22]} bxc6 {[%emt 0:00:07]} 18. Rxa8 {[%emt 0:00:14]} Rxa8 {[%emt 0:00:03]} 19. Rb1 {[%emt 0:00:11]} Ra6 {[%emt 0:07:12]} 20. e3 {[%emt 0:05:59]} Qa7 {[%emt 0:01:21]} 21. Bf1 {[%emt 0:01:38]} f4 {[%emt 0:02:37]} 22. exf4 {[%emt 0:15:07]} exf4 {[%emt 0:00:01]} 23. Nce4 {[%emt 0:00:25]} Ra2 {[%emt 0:00:31]} 24. Nc3 {[%emt 0:07:07]} Ra5 {[%emt 0:02:03]} 25. Nce4 {[%emt 0:00:30]} Ra2 {[%emt 0:07:17]} 26. Nc3 {[%emt 0:00:19]} Ra5 {[%emt 0:01:30]} 27. Nce4 {[%emt 0:00:07]} Ra2 {[%emt 0:03:33]} 28. Nc3 {[%emt 0:00:10]} 1/2-1/2